[Event "Mostoles op 11th"]
[Site "Mostoles"]
[Date "2022.07.25"]
[Round "9"]
[White "Garcia Varea, Benjamin"]
[Black "Guillo Sanchez Galiano, Ernesto"]
[Result "1-0"]
[WhiteElo "1482"]
[BlackElo "1362"]
[PlyCount "51"]
[EventDate "2022.07.17"]
[EventType "swiss"]
[EventRounds "9"]
[EventCountry "ESP"]
[SourceTitle "EXT 2024"]
[Source "ChessBase"]
[SourceDate "2023.10.10"]
[SourceVersion "1"]
[SourceVersionDate "2023.10.10"]
[SourceQuality "1"]

1. e4 c5 2. Nf3 Nc6 3. d4 cxd4 4. Nxd4 g6 5. Nc3 Bg7 6. Be3 d6 7. Be2 Nf6 8. f3 0-0 9. Qd2 Re8 10. 0-0-0 Bd7 11. g4 h5 12. gxh5 Nxh5 13. h4 Ng3 14. Rhg1 Nxe2+ 15. Qxe2 Nxd4 16. Bxd4 Bxd4 17. Rxd4 Kg7 18. h5 Rh8 19. hxg6 fxg6 20. e5 Qb6 21. Qe4 Bf5 22. Qxf5 Rh6 23. Rdg4 Qe3+ 24. Kb1 Rh1 25. Rxg6+ Kh8 26. Rxh1+ 1-0

[Event "Collado Villalba op 38th"]
[Site "Collado Villalba"]
[Date "2021.08.27"]
[Round "7"]
[White "Anton Ortiz, Javier"]
[Black "Garcia Varea, Benjamin"]
[Result "1-0"]
[WhiteElo "1336"]
[BlackElo "1551"]
[PlyCount "49"]
[EventDate "2021.08.21"]
[EventType "swiss"]
[EventRounds "9"]
[EventCountry "ESP"]
[SourceTitle "CBM 204 Extra"]
[Source "ChessBase"]
[SourceDate "2021.11.30"]
[SourceVersion "1"]
[SourceVersionDate "2021.11.30"]
[SourceQuality "1"]

1. e4 Nf6 2. e5 Nd5 3. c4 Nb6 4. d4 d6 5. f4 Bf5 6. Bd3 Bxd3 7. Qxd3 dxe5 8. fxe5 Nc6 9. Nf3 e6 10. 0-0 g6 11. Bg5 Be7 12. Bxe7 Qxe7 13. Nc3 Rd8 14. Rad1 0-0 15. d5 Nb4 16. Qe4 f5 17. exf6 Rxf6 18. dxe6 Rxd1 19. Rxd1 Rxe6 20. Qxb7 Nxc4 21. Nd5 Qc5+ 22. Kh1 Nxd5 23. Rxd5 Qc6 24. Rd8+ Re8 25. Qxc6 1-0

[Event "Collado Villalba op 38th"]
[Site "Collado Villalba"]
[Date "2021.08.21"]
[Round "1"]
[White "Perdomo Araujo, Angel Eduardo"]
[Black "Garcia Varea, Benjamin"]
[Result "1-0"]
[WhiteElo "2025"]
[BlackElo "1551"]
[PlyCount "79"]
[EventDate "2021.08.21"]
[EventType "swiss"]
[EventRounds "9"]
[EventCountry "ESP"]
[SourceTitle "CBM 204 Extra"]
[Source "ChessBase"]
[SourceDate "2021.11.30"]
[SourceVersion "1"]
[SourceVersionDate "2021.11.30"]
[SourceQuality "1"]

1. e4 Nf6 2. e5 Nd5 3. c4 Nb6 4. d4 d6 5. f4 dxe5 6. fxe5 Nc6 7. Be3 Bf5 8. Nc3 e6 9. Be2 Be7 10. Nf3 Bh4+ 11. g3 Be7 12. 0-0 0-0 13. Rc1 Bh3 14. Rf2 h6 15. Qd2 Bf5 16. Bf1 a6 17. Qe1 Nb4 18. Rd2 Bg4 19. Qf2 f5 20. h3 Bxf3 21. Qxf3 Bg5 22. a3 Nc6 23. b4 Qe7 24. Bf4 Bxf4 25. gxf4 Rad8 26. Rcd1 Rd7 27. Qe3 Nd8 28. d5 Nc8 29. c5 c6 30. d6 Qh4 31. Rg2 Kh8 32. Rdd2 Rg8 33. Rg6 Kh7 34. Rdg2 Na7 35. a4 Rf8 36. Bc4 Re8 37. Kh2 Nc8 38. Nb1 Qh5 39. Qg3 Rg8 40. Be2 1-0

[Event "Madrid Chamartin op 8th"]
[Site "Madrid"]
[Date "2019.09.13"]
[Round "7"]
[White "Garcia Varea, Benjamin"]
[Black "Rodriguez Bachiller, Agustin"]
[Result "1-0"]
[WhiteElo "1583"]
[BlackElo "1341"]
[PlyCount "71"]
[EventDate "2019.09.09"]
[EventType "swiss"]
[EventRounds "9"]
[EventCountry "ESP"]
[SourceTitle "CBM 192 Extra"]
[Source "Chessbase"]
[SourceDate "2019.11.06"]
[SourceVersion "1"]
[SourceVersionDate "2019.11.06"]
[SourceQuality "1"]

1. c4 e5 2. Nc3 Nf6 3. g3 Bb4 4. Bg2 0-0 5. d3 Bxc3+ 6. bxc3 c6 7. Nf3 d6 8. 0-0 Be6 9. a4 a5 10. Rb1 Ra7 11. Ba3 Re8 12. Qb3 Qc7 13. Ng5 d5 14. Nxe6 Rxe6 15. cxd5 cxd5 16. Rfc1 Nbd7 17. Bxd5 Nxd5 18. Qxd5 Nb6 19. Qb5 Qc6 20. Qxc6 Rxc6 21. Rb5 f6 22. Bc5 Ra6 23. Bxb6 Rcxb6 24. Rcb1 Rc6 25. c4 b6 26. Rd5 Ra8 27. Rbb5 Rac8 28. Rd7 g6 29. Rb7 e4 30. R7xb6 Rxb6 31. Rxb6 exd3 32. exd3 Rd8 33. Rb3 Rd4 34. Kf1 Kf7 35. Ke2 Ke6 36. Rb5 1-0

[Event "Collado Villalba 64 op 7th"]
[Site "Collado Villalba"]
[Date "2019.07.29"]
[Round "1"]
[White "Garcia Varea, Benjamin"]
[Black "Arauz Alonso, Fernando"]
[Result "0-1"]
[WhiteElo "1572"]
[BlackElo "2109"]
[PlyCount "68"]
[EventDate "2019.07.29"]
[EventType "swiss"]
[EventRounds "9"]
[EventCountry "ESP"]
[SourceTitle "CBM 195 Extra"]
[Source "ChessBase"]
[SourceDate "2020.05.31"]
[SourceVersion "1"]
[SourceVersionDate "2020.05.31"]
[SourceQuality "1"]

1. e4 c5 2. Nf3 d6 3. d4 cxd4 4. Nxd4 Nf6 5. Nc3 g6 6. Be2 Bg7 7. Be3 0-0 8. 0-0 Nc6 9. h3 d5 10. exd5 Nxd5 11. Nxd5 Qxd5 12. Bf3 Qa5 13. Nxc6 bxc6 14. c3 Rb8 15. Qc1 c5 16. Rd1 Be6 17. Bf4 Rbd8 18. Rxd8 Rxd8 19. Qe3 Qb6 20. b3 Qa5 21. Be5 Bxb3 22. Bxg7 Kxg7 23. Qxe7 Be6 24. Rc1 Rd7 25. Qg5 Qc7 26. a4 h6 27. Qe3 Bb3 28. Ra1 a5 29. c4 Bxc4 30. Qc3+ Rd4 31. Rc1 Qd8 32. Rd1 Be6 33. Rxd4 cxd4 34. Qxa5 Qxa5 0-1